| 000 | 007650000a22002530004500 | ||
|---|---|---|---|
| 001 | 45607 | ||
| 010 | _a972-680-676-3 | ||
| 100 | _a20110117d2006 k y0pory5003 ba | ||
| 101 | 0 | _apor | |
| 102 | _aPT | ||
| 200 | 1 |
_aO alcaide de Santarém _fAlexandre Herculano _eA dama pé de cabra |
|
| 210 |
_aLisboa _cLisboa Editora _d2006 |
||
| 215 | _a112 p. | ||
| 225 | 2 |
_a1001 livros _v7 |
|
| 606 |
_92169 _aLiteratura portuguesa |
||
| 606 |
_9742 _aContos |
||
| 675 |
_a83 _vBN _zpor |
||
| 675 |
_a821.134.3-34"18" _vBN _zpor |
||
| 675 |
_a821.134.3-34Herculano, Alexandre.09 _vBN _zpor |
||
| 700 | 1 |
_948870 _aHerculano _bAlexandre _f1810-1877 |
|
| 090 | _a45607 | ||
| 942 |
_cMON _n0 |
||
| 999 | _a45607 | ||